000 00730nam a2200217Ia 4500
001 6989
003 GE_BSU
008 181216s||||||||xx |||||||||||||| ||und||
040 _cGE_BSU
080 _a624.1(035.3)
100 _aАндреев,М.П. Дубровский,А.И. Файнштеин,И.С.
245 _aСправочник по постройке искуственных сооружений.
245 _cРед. И.А.Кармышев.
260 _aМ.
260 _bТрансжелдориздат.
260 _c1957.
300 _a539стр.илл.22см.
300 _eтабл.
653 _aСправочник по постройке искуственных сооружений.
942 _cBK
999 _c40381
_d40381